00577 a2200157 4500003000500000005001700005040000900022082001200031100001500043245007200058260004000130300001800170505019600188600001400384650002100398Nust20230504125659.0 cNust a973,ING aH.L .Ingle aAmerican History: A brief view through reconstruction / cH.L.Ingle aBoston, bLittle Brown Cop, c1978. axi,291,lx, p. aGenesis (Page-1), Revolutionary (Page-55), Experiment in Nation Building (Page-103), Toward a National Unity (Page-157), Toward Sectional Division (Page-205), Civil War and Beyond (Page-247). aH.L.Ingle aAmerican History